000 nam a22 7a 4500
999 _c55756
_d55756
003 OSt
005 20220927152631.0
008 220927b xxu||||| |||| 00| 0 eng d
040 _cIIMT COLLEGE OF PHARMACY, GREATER NOIDA
100 _aALAM, PERWAIZ
245 _aPHARMACOGNOSY
260 _aMEERUT
_bSARTHAK
_c2022
300 _a232
942 _2ddc
_c02